Levél Veress Dánielhez. {Scrisoare catre Veress Dániel}. [Letter for Veress Dániel]
Elmentve itt :
| Szerző: | |
|---|---|
| Adatforrás: | Meister |
| Forrásdokumentuma: | A Hét. - 2001. 14, 6-7. |
| Nyelv: | magyar |
| Kulcsszavak: | levelezés irodalomtörténet corespondenta istoria literaturii correspondence history of literature NÉMETH László VERESS Dániel |
| LEADER | 00604nab a2200205 i 4500 | ||
|---|---|---|---|
| 001 | bibPRO00012439 | ||
| 008 | 080908s2001 xx hun | ||
| 040 | |a Sz1 | ||
| 041 | |a hun | ||
| 100 | 1 | |a NÉMETH László | |
| 245 | 1 | 0 | |a Levél Veress Dánielhez. {Scrisoare catre Veress Dániel}. [Letter for Veress Dániel] |c NÉMETH László |
| 695 | |a levelezés | ||
| 695 | |a irodalomtörténet | ||
| 695 | |a corespondenta | ||
| 695 | |a istoria literaturii | ||
| 695 | |a correspondence | ||
| 695 | |a history of literature | ||
| 695 | |a NÉMETH László | ||
| 695 | |a VERESS Dániel | ||
| 773 | 0 | |t A Hét. - |g 2001. 14, 6-7. | |